000
00347nam a22001577a 4500
003
OSt
005
20240322155145.0
008
170803b xxu||||| |||| 00| 0 eng d
020
_a
978-8124104989
040
_c
SEROSOFT
100
_a
DR.MITTAL ,P.K
245
_a
MECHANICS
260
_a
DELHI
_b
S J PUB
_c
2003
300
_a
178
942
_2
ddc
_c
03
999
_c
36052
_d
36052